Recueil des allocutions consistoriales, encycliques et autres lettres apostoliques des souverains pontifes Clément XII, Benoit XIV, Pie VI, Pie VII, Léon XII, Grégoire XVI et Pie IX, citées dans l'Encyclique et le Syllabus du 8 déc. 1864. (Record no. 155879)

MARC details
000 -LEADER
campo de control de longitud fija 00812nam a22002055i 4500
001 - NÚMERO DE CONTROL
campo de control 155879
003 - IDENTIFICADOR DE NÚMERO DE CONTROL
campo de control ES-MaACL
005 - FECHA Y HORA DE LA ÚLTIMA TRANSACCIÓN
campo de control 20250830111231.0
008 - DATOS DE LONGITUD FIJA--INFORMACIÓN GENERAL
campo de control de longitud fija 991104s1865 fr a |||| | fre d
040 ## - FUENTE DE CATALOGACIÓN
Centro catalogador/agencia de origen EUS
Lengua de catalogación spa
Centro/agencia transcriptor EUS
110 2# - ENTRADA PRINCIPAL--NOMBRE DE ENTIDAD CORPORATIVA
Nombre de entidad corporativa o nombre de jurisdicción como elemento de entrada Iglesia Católica
9 (RLIN) 4639
245 10 - MENCIÓN DEL TÍTULO
Título Recueil des allocutions consistoriales, encycliques et autres lettres apostoliques des souverains pontifes Clément XII, Benoit XIV, Pie VI, Pie VII, Léon XII, Grégoire XVI et Pie IX, citées dans l'Encyclique et le Syllabus du 8 déc. 1864.
250 ## - MENCION DE EDICION
Mención de edición Deuxième édition.
260 ## - PUBLICACIÓN, DISTRIBUCIÓN, ETC.
Lugar de publicación, distribución, etc. Paris :
Nombre del editor, distribuidor, etc. Librairie Adrien le Clere et Cie,
Fecha de publicación, distribución, etc. 1865.
300 ## - DESCRIPCIÓN FÍSICA
Extensión [8], 580 p. :
Otras características físicas il. ;
Dimensiones 24 cm.
597 ## - NOTA DE DESCRIPCIÓN FÍSICA
NOTA DE DESCRIPCIÓN FÍSICA Antep.
597 ## - NOTA DE DESCRIPCIÓN FÍSICA
NOTA DE DESCRIPCIÓN FÍSICA Port. con grab. tip.
852 ## - LOCALIZACIÓN
Ubicación ES-MaACL
Número de control de estantería G-14365
Nota libre -- Enc. hol.
Holdings
Estatus retirado Estado de pérdida Estado de daño No para préstamo Colección Biblioteca de origen Biblioteca actual Ubicación en estantería Fecha de adquisición Fuente de adquisición Total de préstamos Signatura topográfica completa Código de barras Visto por última vez Precio de reemplazo Tipo de ítem Koha
        Libros del s. XIX Biblioteca del Ateneo de Madrid Biblioteca del Ateneo de Madrid Sala Pecera Planta 3 17/01/2008     G-14365 1163064 23/02/2023 23/02/2023 Libro impreso antiguo